书目信息 |
| 题名: |
柯西不等式与排序不等式
|
|
| 作者: | 南山 著 | |
| 分册: | ||
| 出版信息: | 上海 上海教育出版社 1996 |
|
| 页数: | 322页 | |
| 开本: | 20cm | |
| 丛书名: | ||
| 单 册: | ||
| 中图分类: | O122.3 | |
| 科图分类: | ||
| 主题词: | 初等数学 | |
| 电子资源: | ||
| ISBN: | 7-5320-3943-9 | |
| 000 | 00523nam0 2200181 450 | |
| 001 | 0732828906 | |
| 005 | 20070903090708.90 | |
| 010 | @a7-5320-3943-9@d¥9.50 | |
| 100 | @a20070903d km y0chiy0120 ea | |
| 101 | 0 | @achi |
| 200 | 1 | @a柯西不等式与排序不等式@Ake xi bu deng shi yu pai xu bu deng shi@f南山著@Fnan shan zhu |
| 210 | @a上海@c上海教育出版社@d1996 | |
| 215 | @a322页@d20cm | |
| 606 | 0 | @a初等数学 |
| 690 | @aO122.3@v3 | |
| 701 | 0 | @a南山@Anan shan@4著 |
| 801 | 0 | @aCN@bPFT@c20070903 |
| 905 | @a213230@dO122.3@eS121@f1 | |
| 柯西不等式与排序不等式/南山著.-上海:上海教育出版社,1996 |
| 322页;20cm |
| ISBN 7-5320-3943-9:¥9.50 |
| ● |
| 相关链接 |
|
|
|
|
正题名:柯西不等式与排序不等式
索取号:O122.3/S121
 
预约/预借
| 序号 | 登录号 | 条形码 | 馆藏地/架位号 | 状态 | 备注 |
| 1 | 6700374 | 267003743 | 密集书库-数信学院/ [索取号:O122.3/S121] | 在馆 | |
| 2 | 6700476 | 267004760 | 密集书库-数信学院/ [索取号:O122.3/S121] | 在馆 | |
| 3 | 6700477 | 267004779 | 密集书库-数信学院/ [索取号:O122.3/S121] | 在馆 | |
| 4 | 6700478 | 267004788 | 密集书库-数信学院/ [索取号:O122.3/S121] | 在馆 |